00343nam a22000857a 4500008004100000082001500041245016000056260002900216300001200245230609b xxu||||| |||| 00| 0 eng d a352.4bKEN a2011/2012 Supplementary Estimates (Recurrent Expenditure)bEstimate of Further Sums Required to be Voted for the Service of the Year Ending 30th June, 2012 aNairobi,KenyabGOKc2011 aVI,560p